LDR 01039naa#a2200193#i#450# 001 RU\\bibl\121343 005 20260514122648.4 011 ## _a1994-4683 100 ## _a20230803b2023####ek#y0rusy0150####ca 102 ## _aRU 200 1# _aФОРМИРОВАНИЕ ДВИГАТЕЛЬНЫХ УМЕНИЙ У ДОШКОЛЬНИКОВ КНР НА ЗАНЯТИЯХ ОЗДОРОВИТЕЛЬНЫМ ПЛАВАНИЕМ В ДЕТСКОМ САДУ _eЖурнальная статья 210 1# _aМосква _cНациональный государственный Университет физической культуры, спорта и здоровья им. П.Ф. Лесгафта _d2023 215 ## _a4 с. 608 ## _aЖурнальная статья _2local 675 ## _aФилософские и научно-теоретические основы физической культуры и спорта. 796.011 _z 700 #1 _aСунь _gЮе 700 #1 _aРазмахова _gС Ю 700 #1 _aРусанова _gС Н 856 4# _auchzapiski.lesgaft.spb.ru _u